书目信息 |
| 题名: |
电子技术实验教程
|
|
| 作者: | 刘华章 主编 | |
| 分册: | ||
| 出版信息: | 北京 电子工业出版社 2005.09 |
|
| 页数: | 129页 | |
| 开本: | 26cm | |
| 丛书名: | ||
| 单 册: | ||
| 中图分类: | TN-33 | |
| 科图分类: | ||
| 主题词: | 电子技术--dian zi ji shu--实验--高等学校--教材 | |
| 电子资源: | ||
| ISBN: | 7-121-01761-X | |
| 000 | 00941nam0 2200241 450 | |
| 001 | 012006376658 | |
| 005 | 20060919102621.95 | |
| 010 | @a7-121-01761-X@dCNY14.50 | |
| 100 | @a20060619d2005 km y0chiy0120 ea | |
| 101 | 0 | @achi |
| 102 | @aCN@b110000 | |
| 105 | @aa a 000yy | |
| 200 | 1 | @a电子技术实验教程@Adian zi ji shu shi yan jiao cheng@f刘华章主编@Fliu hua zhang zhu bian |
| 210 | @a北京@c电子工业出版社@d2005.09 | |
| 215 | @a129页@c图@d26cm | |
| 320 | @a有书目 (第129页)。 | |
| 330 | @a本书融电子技术实验与通信技术实验于一体,将原来分散的低频电路、脉冲数字电路和高频电路等课程中的实验部分集中起来,对电子电路的调试原理、测试方法进行了深入浅出的介绍,并配以相应数量的实验,增加了新器件的应用。 | |
| 333 | @a新编电气与电子信息类本科规划教材 | |
| 606 | 0 | @a电子技术@Adian zi ji shu@x实验@x高等学校@j教材 |
| 690 | @aTN-33@v4 | |
| 701 | 0 | @a刘华章@Aliu hua zhang@4主编 |
| 801 | 0 | @aCN@bQSSK@c20060919 |
| 905 | @a10447@dTN-33@eL629 | |
| 电子技术实验教程/刘华章主编.-北京:电子工业出版社,2005.09 |
| 129页:图;26cm |
| 使用对象:新编电气与电子信息类本科规划教材 |
| ISBN 7-121-01761-X:CNY14.50 |
| 本书融电子技术实验与通信技术实验于一体,将原来分散的低频电路、脉冲数字电路和高频电路等课程中的实验部分集中起来,对电子电路的调试原理、测试方法进行了深入浅出的介绍,并配以相应数量的实验,增加了新器件的应用。 |
| ● |
| 相关链接 |
|
|
|
正题名:电子技术实验教程
索取号:TN-33/L629
 
预约/预借
| 序号 | 登录号 | 条形码 | 馆藏地/架位号 | 状态 | 备注 |
| 1 | 589989 | 205899893 | 自科二线404/301自科库 16排2列4层/ [索取号:TN-33/L629] | 在馆 | |
| 2 | 589990 | 205899900 | 自科库301/301自科库 23排2列1层/ [索取号:TN-33/L629] | 在馆 | |
| 3 | 589991 | 205899919 | 自科库301/301自科库 23排2列1层/ [索取号:TN-33/L629] | 在馆 |